Vista normal
Vista MARC
Entrada Personal Name
Número de registros utilizados en: 1
001 - CONTROL NUMBER
- control field: 18058
003 - CONTROL NUMBER IDENTIFIER
- control field: DLC
005 - DATE AND TIME OF LATEST TRANSACTION
- control field: 20260428104836.0
008 - FIXED-LENGTH DATA ELEMENTS
- fixed length control field: 820315n| acannaab| |a aaa |||
010 ## - LIBRARY OF CONGRESS CONTROL NUMBER
- LC control number: n 82033399
040 ## - CATALOGING SOURCE
- Original cataloging agency: DLC
- Transcribing agency: Mx-PuUPA
- Language of cataloging: spa
- Modifying agency: Mx-PuUPA
- Description conventions: rda
046 ## - SPECIAL CODED DATES
- Birth date: 1924
100 10 - HEADING--PERSONAL NAME
- Personal name: Bell, Robert Vaughn,
- Dates associated with a name: 1924-
374 ## - OCCUPATION
- Occupation: Autor
375 ## - GENDER
- Gender: hombre
377 ## - ASSOCIATED LANGUAGE
- Language code: eng
400 10 - SEE FROM TRACING--PERSONAL NAME
- Personal name: Bell, Robert,
- Dates associated with a name: 1924-
670 ## - SOURCE DATA FOUND
- Source citation: His Feud at Devil's River, 1982:
- Information found: CIP t.p. (Robert Vaughn Bell) pub. info. (b. 1924; resides in Garden Valley, Calif.)
670 ## - SOURCE DATA FOUND
- Source citation: His Stranger in Dodge, c1983:
- Information found: CIP t.p. (Robert Bell)